<?xml version="1.0" encoding="UTF-8"?>
<record
    xmlns:xsi="http://www.w3.org/2001/XMLSchema-instance"
    xsi:schemaLocation="http://www.loc.gov/MARC21/slim http://www.loc.gov/standards/marcxml/schema/MARC21slim.xsd"
    xmlns="http://www.loc.gov/MARC21/slim">

  <leader>00967nam a22002057a 4500</leader>
  <datafield tag="999" ind1=" " ind2=" ">
    <subfield code="c">6936</subfield>
    <subfield code="d">6936</subfield>
  </datafield>
  <controlfield tag="001">7167</controlfield>
  <controlfield tag="003">BD-DhUAP</controlfield>
  <controlfield tag="005">20210111110955.0</controlfield>
  <controlfield tag="008">201112s2009    bg  |||| |||| 00| 0 ben d</controlfield>
  <datafield tag="020" ind1=" " ind2=" ">
    <subfield code="a">9843000027018</subfield>
  </datafield>
  <datafield tag="040" ind1=" " ind2=" ">
    <subfield code="a">BD-DhUAP</subfield>
    <subfield code="b">Ben</subfield>
    <subfield code="c">BD-DhUAP</subfield>
    <subfield code="d">BD-DhUAP</subfield>
  </datafield>
  <datafield tag="082" ind1=" " ind2=" ">
    <subfield code="2">23</subfield>
    <subfield code="a">558.5 TAY</subfield>
  </datafield>
  <datafield tag="100" ind1=" " ind2=" ">
    <subfield code="a">&#x99F;&#x9C7;&#x9B2;&#x9B0;, &#x98F;&#x9AB; &#x9A1;&#x9BE;&#x9AC;&#x9CD;&#x9B2;&#x9BF;&#x989;&#x964;</subfield>
  </datafield>
  <datafield tag="245" ind1=" " ind2=" ">
    <subfield code="a">&#x9A6;&#x9CD;&#x9AF; &#x9AA;&#x9CD;&#x9B0;&#x9BF;&#x9A8;&#x9CD;&#x9B8;&#x9BF;&#x9AA;&#x9BE;&#x9B2;&#x9B8; &#x985;&#x9AD; &#x9B8;&#x9BE;&#x9AF;&#x9BC;&#x9C7;&#x9A8;&#x9CD;&#x99F;&#x9BF;&#x9AB;&#x9BF;&#x995; &#x9AE;&#x9CD;&#x9AF;&#x9BE;&#x9A8;&#x9C7;&#x99C;&#x9AE;&#x9C7;&#x9A8;&#x9CD;&#x99F; /</subfield>
    <subfield code="c">&#x98F;&#x9AB; &#x9A1;&#x9BE;&#x9AC;&#x9CD;&#x9B2;&#x9BF;&#x989; &#x99F;&#x9C7;&#x9B2;&#x9B0; ; &#x9AE;&#x9BE;&#x99C;&#x9B9;&#x9BE;&#x9B0;&#x9C1;&#x9B2; &#x9B9;&#x9BE;&#x9B8;&#x9BE;&#x9A8; &#x9AE;&#x99C;&#x9C1;&#x9AE;&#x9A6;&#x9BE;&#x9B0; &#x995;&#x9A4;&#x9C3;&#x995; &#x985;&#x9A8;&#x9C2;&#x9A6;&#x9BF;&#x9A4;&#x964;</subfield>
  </datafield>
  <datafield tag="260" ind1=" " ind2=" ">
    <subfield code="a">&#x9A2;&#x9BE;&#x995;&#x9BE; : </subfield>
    <subfield code="b">&#x9AC;&#x9BE;&#x982;&#x9B2;&#x9BE;&#x9A6;&#x9C7;&#x9B6; &#x9AE;&#x99E;&#x9CD;&#x99C;&#x9C1;&#x9B0;&#x9C0; &#x995;&#x9AE;&#x9BF;&#x9B6;&#x9A8;,</subfield>
    <subfield code="c">c&#x9E8;&#x9E6;&#x9E6;&#x9EF;&#x964;</subfield>
  </datafield>
  <datafield tag="300" ind1=" " ind2=" ">
    <subfield code="a">&#x9E7;&#x9E6;&#x9EA; &#x9AA;&#x9C3;&#x9B7;&#x9CD;&#x9A0;&#x9BE; ;</subfield>
    <subfield code="c">&#x9E8;&#x9E8; &#x9B8;&#x9C7;&#x9AE;&#x9BF;.&#x964;</subfield>
  </datafield>
  <datafield tag="650" ind1=" " ind2=" ">
    <subfield code="a">Industrial management.</subfield>
  </datafield>
  <datafield tag="700" ind1=" " ind2=" ">
    <subfield code="a">&#x9AE;&#x99C;&#x9C1;&#x9AE;&#x9A6;&#x9BE;&#x9B0;, &#x9AE;&#x9BE;&#x99C;&#x9B9;&#x9BE;&#x9B0;&#x9C1;&#x9B2; &#x9B9;&#x9BE;&#x9B8;&#x9BE;&#x9A8;&#x964;</subfield>
  </datafield>
  <datafield tag="942" ind1=" " ind2=" ">
    <subfield code="2">ddc</subfield>
    <subfield code="c">BK</subfield>
  </datafield>
  <datafield tag="952" ind1=" " ind2=" ">
    <subfield code="0">0</subfield>
    <subfield code="1">0</subfield>
    <subfield code="2">ddc</subfield>
    <subfield code="4">0</subfield>
    <subfield code="7">0</subfield>
    <subfield code="a">UAPCL</subfield>
    <subfield code="b">UAPCL</subfield>
    <subfield code="c">Reserve Stacks</subfield>
    <subfield code="d">2021-01-11</subfield>
    <subfield code="o">558.5 TAY</subfield>
    <subfield code="p">3010012719</subfield>
    <subfield code="r">2021-01-11</subfield>
    <subfield code="t">1</subfield>
    <subfield code="w">2021-01-11</subfield>
    <subfield code="y">BK</subfield>
  </datafield>
  <datafield tag="952" ind1=" " ind2=" ">
    <subfield code="0">0</subfield>
    <subfield code="1">0</subfield>
    <subfield code="2">ddc</subfield>
    <subfield code="4">0</subfield>
    <subfield code="7">0</subfield>
    <subfield code="a">UAPCL</subfield>
    <subfield code="b">UAPCL</subfield>
    <subfield code="c">Reserve Stacks</subfield>
    <subfield code="d">2021-01-11</subfield>
    <subfield code="o">558.5 TAY</subfield>
    <subfield code="p">3010012718</subfield>
    <subfield code="r">2021-01-11</subfield>
    <subfield code="t">2</subfield>
    <subfield code="w">2021-01-11</subfield>
    <subfield code="y">BK</subfield>
  </datafield>
  <datafield tag="952" ind1=" " ind2=" ">
    <subfield code="0">0</subfield>
    <subfield code="1">0</subfield>
    <subfield code="2">ddc</subfield>
    <subfield code="4">0</subfield>
    <subfield code="7">0</subfield>
    <subfield code="a">UAPCL</subfield>
    <subfield code="b">UAPCL</subfield>
    <subfield code="c">Reserve Stacks</subfield>
    <subfield code="d">2021-01-11</subfield>
    <subfield code="o">558.5 TAY</subfield>
    <subfield code="p">3010012717</subfield>
    <subfield code="r">2021-01-11</subfield>
    <subfield code="t">3</subfield>
    <subfield code="w">2021-01-11</subfield>
    <subfield code="y">BK</subfield>
  </datafield>
  <datafield tag="952" ind1=" " ind2=" ">
    <subfield code="0">0</subfield>
    <subfield code="1">0</subfield>
    <subfield code="2">ddc</subfield>
    <subfield code="4">0</subfield>
    <subfield code="7">0</subfield>
    <subfield code="a">UAPCL</subfield>
    <subfield code="b">UAPCL</subfield>
    <subfield code="c">Reserve Stacks</subfield>
    <subfield code="d">2021-01-11</subfield>
    <subfield code="o">558.5 TAY</subfield>
    <subfield code="p">3010012715</subfield>
    <subfield code="r">2021-01-11</subfield>
    <subfield code="t">4</subfield>
    <subfield code="w">2021-01-11</subfield>
    <subfield code="y">BK</subfield>
  </datafield>
  <datafield tag="952" ind1=" " ind2=" ">
    <subfield code="0">0</subfield>
    <subfield code="1">0</subfield>
    <subfield code="2">ddc</subfield>
    <subfield code="4">0</subfield>
    <subfield code="7">0</subfield>
    <subfield code="a">UAPCL</subfield>
    <subfield code="b">UAPCL</subfield>
    <subfield code="c">Reserve Stacks</subfield>
    <subfield code="d">2021-01-11</subfield>
    <subfield code="o">558.5 TAY</subfield>
    <subfield code="p">3010012714</subfield>
    <subfield code="r">2021-01-11</subfield>
    <subfield code="t">5</subfield>
    <subfield code="w">2021-01-11</subfield>
    <subfield code="y">BK</subfield>
  </datafield>
  <datafield tag="952" ind1=" " ind2=" ">
    <subfield code="0">0</subfield>
    <subfield code="1">0</subfield>
    <subfield code="2">ddc</subfield>
    <subfield code="4">0</subfield>
    <subfield code="7">0</subfield>
    <subfield code="a">UAPCL</subfield>
    <subfield code="b">UAPCL</subfield>
    <subfield code="c">Reserve Stacks</subfield>
    <subfield code="d">2021-01-11</subfield>
    <subfield code="o">558.5 TAY</subfield>
    <subfield code="p">3010012716</subfield>
    <subfield code="r">2021-01-11</subfield>
    <subfield code="t">6</subfield>
    <subfield code="w">2021-01-11</subfield>
    <subfield code="y">BK</subfield>
  </datafield>
  <datafield tag="952" ind1=" " ind2=" ">
    <subfield code="0">0</subfield>
    <subfield code="1">0</subfield>
    <subfield code="2">ddc</subfield>
    <subfield code="4">0</subfield>
    <subfield code="7">0</subfield>
    <subfield code="a">UAPCL</subfield>
    <subfield code="b">UAPCL</subfield>
    <subfield code="c">Reserve Stacks</subfield>
    <subfield code="d">2021-01-11</subfield>
    <subfield code="o">558.5 TAY</subfield>
    <subfield code="p">3010012720</subfield>
    <subfield code="r">2021-01-16</subfield>
    <subfield code="t">7</subfield>
    <subfield code="w">2021-01-11</subfield>
    <subfield code="y">BK</subfield>
  </datafield>
  <datafield tag="952" ind1=" " ind2=" ">
    <subfield code="0">0</subfield>
    <subfield code="1">0</subfield>
    <subfield code="2">ddc</subfield>
    <subfield code="4">0</subfield>
    <subfield code="7">0</subfield>
    <subfield code="a">UAPCL</subfield>
    <subfield code="b">UAPCL</subfield>
    <subfield code="c">Reserve Stacks</subfield>
    <subfield code="d">2021-01-11</subfield>
    <subfield code="o">558.5 TAY</subfield>
    <subfield code="p">3010012723</subfield>
    <subfield code="r">2021-01-16</subfield>
    <subfield code="t">8</subfield>
    <subfield code="w">2021-01-11</subfield>
    <subfield code="y">BK</subfield>
  </datafield>
  <datafield tag="952" ind1=" " ind2=" ">
    <subfield code="0">0</subfield>
    <subfield code="1">0</subfield>
    <subfield code="2">ddc</subfield>
    <subfield code="4">0</subfield>
    <subfield code="7">0</subfield>
    <subfield code="a">UAPCL</subfield>
    <subfield code="b">UAPCL</subfield>
    <subfield code="c">Reserve Stacks</subfield>
    <subfield code="d">2021-01-11</subfield>
    <subfield code="o">558.5 TAY</subfield>
    <subfield code="p">3010012722</subfield>
    <subfield code="r">2021-01-16</subfield>
    <subfield code="t">9</subfield>
    <subfield code="w">2021-01-11</subfield>
    <subfield code="y">BK</subfield>
  </datafield>
  <datafield tag="952" ind1=" " ind2=" ">
    <subfield code="0">0</subfield>
    <subfield code="1">0</subfield>
    <subfield code="2">ddc</subfield>
    <subfield code="4">0</subfield>
    <subfield code="7">0</subfield>
    <subfield code="a">UAPCL</subfield>
    <subfield code="b">UAPCL</subfield>
    <subfield code="c">Reserve Stacks</subfield>
    <subfield code="d">2021-01-11</subfield>
    <subfield code="o">558.5 TAY</subfield>
    <subfield code="p">3010012721</subfield>
    <subfield code="r">2021-01-16</subfield>
    <subfield code="t">10</subfield>
    <subfield code="w">2021-01-11</subfield>
    <subfield code="y">BK</subfield>
  </datafield>
</record>
